[Event "SLO-chT1 East"]
[Site "Celje"]
[Date "2008.12.07"]
[Round "1"]
[White "Potocnik, Albin"]
[Black "Brusnjak, Saso"]
[Result "1/2-1/2"]
[WhiteElo "2023"]
[BlackElo "1978"]
[PlyCount "22"]
[EventDate "2008.11.20"]
[EventType "team-tourn"]
[EventRounds "9"]
[EventCountry "SLO"]
[SourceTitle "EXT 2010"]
[Source "ChessBase"]
[SourceDate "2010.11.25"]
[SourceVersion "1"]
[SourceVersionDate "2010.11.25"]
[SourceQuality "1"]

1. e4 c5 2. Nc3 Nc6 3. g3 e6 4. Bg2 Nf6 5. Nge2 d5 6. exd5 exd5 7. d3 d4 8. Ne4 Nd5 9. 0-0 Be7 10. Nf4 Nxf4 11. gxf4 0-0 1/2-1/2

[Event "SLO-chT2 East"]
[Site "Velenje"]
[Date "2006.10.22"]
[Round "8"]
[White "Tolic, Mato"]
[Black "Brusnjak, Saso"]
[Result "1/2-1/2"]
[WhiteElo "2035"]
[BlackElo "1943"]
[PlyCount "25"]
[EventDate "2006.05.21"]
[EventType "team"]
[EventRounds "9"]
[EventCountry "SLO"]
[SourceTitle "EXT 2008"]
[Source "ChessBase"]
[SourceDate "2007.11.25"]
[SourceVersion "1"]
[SourceVersionDate "2007.11.25"]
[SourceQuality "1"]

1. e4 c5 2. Nf3 Nc6 3. d4 cxd4 4. Nxd4 Nf6 5. Nc3 e6 6. a3 d5 7. exd5 Nxd5 8. Nxc6 bxc6 9. Ne4 f5 10. Ng5 Qa5+ 11. Bd2 Qb6 12. c4 Nf6 13. Bc3 1/2-1/2

[Event "SLO-chT2 East"]
[Site "Velenje"]
[Date "2006.06.06"]
[Round "2"]
[White "Brusnjak, Saso"]
[Black "Novak, Andrej"]
[Result "1-0"]
[WhiteElo "1943"]
[BlackElo "1839"]
[PlyCount "45"]
[EventDate "2006.05.21"]
[EventType "team"]
[EventRounds "9"]
[EventCountry "SLO"]
[SourceTitle "EXT 2008"]
[Source "ChessBase"]
[SourceDate "2007.11.25"]
[SourceVersion "1"]
[SourceVersionDate "2007.11.25"]
[SourceQuality "1"]

1. d4 Nf6 2. c4 e6 3. Nc3 d5 4. Nf3 Be7 5. Bf4 a6 6. e3 0-0 7. Bd3 dxc4 8. Bxc4 c5 9. a4 cxd4 10. exd4 Bb4 11. 0-0 Bxc3 12. bxc3 Nd5 13. Bd2 Qc7 14. Bd3 h6 15. Ne5 Nd7 16. f4 Nxc3 17. Rc1 Nxd1 18. Rxc7 Nxe5 19. fxe5 Nb2 20. Bc2 b5 21. Bb4 Rd8 22. Rfxf7 Rd7 23. Rf8# 1-0

[Event "SLO-chT2 East"]
[Site "Velenje"]
[Date "2005.11.23"]
[Round "9"]
[White "Weiss, Emil"]
[Black "Brusnjak, Saso"]
[Result "0-1"]
[WhiteElo "1746"]
[BlackElo "1926"]
[PlyCount "41"]
[EventDate "2005.05.27"]
[EventType "team"]
[EventRounds "9"]
[EventCountry "SLO"]
[SourceTitle "EXT 2009"]
[Source "ChessBase"]
[SourceDate "2008.11.26"]
[SourceVersion "1"]
[SourceVersionDate "2008.11.26"]
[SourceQuality "1"]

1. e4 c5 2. Nf3 Nc6 3. d4 cxd4 4. Nxd4 Nf6 5. Nc3 e6 6. a3 Bc5 7. Be3 Qb6 8. Na4 Qa5+ 9. c3 Bxd4 10. Bxd4 Nxd4 11. Qxd4 0-0 12. f3 e5 13. Qd1 d5 14. b4 Qc7 15. exd5 Rd8 16. c4 e4 17. fxe4 Nxe4 18. Bd3 Qf4 19. Rf1 Qe5 20. Be2 b5 21. Nc5 0-1

[Event "SLO-chT2 East"]
[Site "Velenje"]
[Date "2005.10.28"]
[Round "6"]
[White "Brusnjak, Saso"]
[Black "Velec, Martina"]
[Result "1-0"]
[WhiteElo "1926"]
[BlackElo "1740"]
[PlyCount "105"]
[EventDate "2005.05.27"]
[EventType "team"]
[EventRounds "9"]
[EventCountry "SLO"]
[SourceTitle "EXT 2009"]
[Source "ChessBase"]
[SourceDate "2008.11.26"]
[SourceVersion "1"]
[SourceVersionDate "2008.11.26"]
[SourceQuality "1"]

1. d4 g6 2. e4 Bg7 3. c3 d6 4. f4 e5 5. dxe5 dxe5 6. Qxd8+ Kxd8 7. Nf3 Nc6 8. Bc4 f5 9. 0-0 Nh6 10. Na3 fxe4 11. Nxe5 Nxe5 12. fxe5 c6 13. Bg5+ Kc7 14. e6 b5 15. Bb3 Re8 16. e7 Nf5 17. Bf7 Rxe7 18. Rxf5 Bxf5 19. Bxe7 Kb6 20. Nc2 Bh6 21. Re1 Rb8 22. b4 Bd2 23. Bc5+ Kb7 24. Rd1 Bxc3 25. Ne3 Bc8 26. Rd8 Ra8 27. Re8 Bf6 28. Rxe4 a5 29. a3 axb4 30. Bxb4 Ra4 31. Bb3 Ra8 32. Bc5 Kc7 33. Rf4 Bg5 34. Rf7+ Kd8 35. Rxh7 Bxe3+ 36. Bxe3 Rxa3 37. Bb6+ Ke8 38. Bf7+ Kd7 39. Bxg6+ Kd6 40. Be8 Rc3 41. h4 b4 42. Rh6+ Kd5 43. Bf7+ Ke4 44. Ba5 c5 45. Rc6 Bg4 46. h5 Bxh5 47. Bxh5 Rc1+ 48. Kh2 b3 49. Rb6 c4 50. Bf7 Kd3 51. Bxc4+ Rxc4 52. Rxb3+ Ke4 53. Rb4 1-0

[Event "SLO-chT2 East"]
[Site "Velenje"]
[Date "2005.09.29"]
[Round "4"]
[White "Gabor, Matija"]
[Black "Brusnjak, Saso"]
[Result "0-1"]
[WhiteElo "2056"]
[BlackElo "1926"]
[PlyCount "68"]
[EventDate "2005.05.27"]
[EventType "team"]
[EventRounds "9"]
[EventCountry "SLO"]
[SourceTitle "EXT 2009"]
[Source "ChessBase"]
[SourceDate "2008.11.26"]
[SourceVersion "1"]
[SourceVersionDate "2008.11.26"]
[SourceQuality "1"]

1. e4 c5 2. Nf3 Nc6 3. d4 cxd4 4. Nxd4 Nf6 5. Nc3 e6 6. Be2 Bb4 7. f3 Nxe4 8. fxe4 Qh4+ 9. Kf1 Bc5 10. Ncb5 Nxd4 11. Nxd4 e5 12. Qe1 Qxe1+ 13. Kxe1 Bxd4 14. c3 Bb6 15. a4 a5 16. Bb5 0-0 17. Rf1 d6 18. Bg5 Bd8 19. Be3 Be6 20. Rd1 Bc7 21. Bg5 f6 22. Bh4 Rad8 23. c4 Bb6 24. h3 h5 25. Ke2 g5 26. Be1 g4 27. h4 f5 28. exf5 Bxf5 29. b4 g3 30. Kd2 axb4 31. Bxg3 b3 32. Kc3 Bc2 33. Rxf8+ Rxf8 34. Rxd6 Ba5+ 0-1

[Event "SLO-chT2E"]
[Site "Velenje"]
[Date "2004.11.01"]
[Round "5"]
[White "Brusnjak, Saso"]
[Black "Kusic, Dalibor"]
[Result "1-0"]
[WhiteElo "1899"]
[BlackElo "1961"]
[PlyCount "85"]
[EventDate "2004.11.01"]
[EventType "team"]
[EventRounds "9"]
[EventCountry "SLO"]
[SourceTitle "EXT 2008"]
[Source "ChessBase"]
[SourceDate "2007.11.25"]
[SourceVersion "1"]
[SourceVersionDate "2007.11.25"]
[SourceQuality "1"]

1. d4 Nf6 2. c4 g6 3. Nc3 Bg7 4. e4 d6 5. f3 0-0 6. Be3 e5 7. Qd2 Nh5 8. 0-0-0 Bf6 9. Nd5 Nc6 10. Nxf6+ Nxf6 11. d5 Ne7 12. g4 Nd7 13. h4 f6 14. Ne2 a5 15. Ng3 Rf7 16. Bd3 Nc5 17. Bc2 b6 18. Rdg1 Bd7 19. g5 f5 20. f4 fxe4 21. Bxc5 bxc5 22. fxe5 dxe5 23. Nxe4 Nf5 24. Nf6+ Rxf6 25. gxf6 Qxf6 26. h5 Ra6 27. hxg6 hxg6 28. Qh2 Qg7 29. Re1 Nd4 30. Qxe5 Qxe5 31. Rxe5 Bf5 32. Bd1 Bd3 33. b3 a4 34. Kb2 a3+ 35. Kc1 Rf6 36. Re8+ Kg7 37. Rhh8 Rf1 38. Reg8+ Kf6 39. Rf8+ Ke5 40. Rxf1 Bxf1 41. Rh7 Kd6 42. Rh6 Bd3 43. Bh5 1-0

[Event "SLO-chT2E"]
[Site "Velenje"]
[Date "2004.11.01"]
[Round "4"]
[White "Gorsek, Robert"]
[Black "Brusnjak, Saso"]
[Result "0-1"]
[WhiteElo "1822"]
[BlackElo "1899"]
[PlyCount "66"]
[EventDate "2004.11.01"]
[EventType "team"]
[EventRounds "9"]
[EventCountry "SLO"]
[SourceTitle "EXT 2008"]
[Source "ChessBase"]
[SourceDate "2007.11.25"]
[SourceVersion "1"]
[SourceVersionDate "2007.11.25"]
[SourceQuality "1"]

1. d4 Nf6 2. Nf3 d5 3. g3 Bf5 4. Bg2 Nc6 5. 0-0 Qd7 6. c4 0-0-0 7. Ne5 Nxe5 8. dxe5 Ne4 9. cxd5 e6 10. Bxe4 Bxe4 11. Qd4 Qxd5 12. Qxa7 Bh1 13. Qa8+ Kd7 14. Qa4+ b5 15. Qd1 Kc8 16. Qxd5 Bxd5 17. Nc3 Bc4 18. Re1 h6 19. Be3 b4 20. Nd1 Be7 21. b3 Bb5 22. Rc1 Rd5 23. Bb6 c6 24. f4 Kb7 25. Be3 g5 26. Nb2 gxf4 27. Bxf4 Ra8 28. Na4 Bxa4 29. bxa4 Rxa4 30. Bxh6 Rxa2 31. Rb1 Rxe5 32. e4 Rh5 33. Bf4 Rhxh2 0-1